00568nai a2200157Ia 4500003000900000008004100009022002200050022002300072040001600095245006900111260003400180310001700214362002600231521006900257856008400326IN-BaIIA211028c9999 xx s 000 0 eng d a0887-624X (Print) a1099-0518 (Online) cIIA Library 0aJournal of Polymer Science Part A: Polymer Chemistryh[eJournal] aNew JerseybJohn Wiley & Sons aSemi-monthly a34(1); 1996 - Present bSubscribed through National Knowledge Resource Consortium (NKRC) uhttps://onlinelibrary.wiley.com/journal/10990518yClick Here to Access eJournal